| 000 | 00881nam a22002057a 4500 | ||
|---|---|---|---|
| 999 |
_c2341 _d2341 |
||
| 003 | AR-CdUCM | ||
| 008 | 190304b ||||| |||| 00| 0 spa d | ||
| 040 |
_aMUNICIPALIDAD PROVINCIAL DEL CUSCO _cBIBLIOTECA MUNICIPAL DEL CUSCO |
||
| 082 |
_a390.24 / _bF65 |
||
| 100 |
_aFlores Ochoa, Jorge A. _91877 |
||
| 245 |
_aLos pastores de Paratia : _bUna introduccion a su estudio / |
||
| 260 |
_aMéxico : _bInstituto indigenista interamericano, _c1968. |
||
| 300 |
_a159 paginas ; _c18 cm. |
||
| 505 | _aContenido :Pastores del ande sur-peruano. -- Los Pastores de Paratía. -- Breve informe preliminar de los trabajos de campo realizados en la Hacienda de Camacani. -- El torito de Pukara. -- El Ayarachi ... | ||
| 650 |
_aIndígenas de América del Su _98440 |
||
| 650 |
_aComunidades indígenas _93290 |
||
| 650 |
_aTenencia de la tierra _98228 |
||
| 942 |
_2ddc _cLIBROS |
||
| 945 | _arum | ||